黄河沿岸市县地图 Cities and counties by Yellow river map - Statistics

General Stats
  • This quiz has been taken 57 times
  • The average score is 22 of 40
Answers on the Map
Answers color-coded by a green-red scale on the quiz's map according to % correct below.
 
Answer Stats
省份 县/市 % Correct
山东 东营市
98%
山东 济南市
93%
山东 滨州市
93%
河南 三门峡市
91%
甘肃 兰州市
89%
内蒙古 乌海市
87%
内蒙古 包头市
87%
河南 郑州市
87%
宁夏 石嘴山市
85%
宁夏 吴忠市
83%
宁夏 中卫市
80%
内蒙古 巴彦淖尔市
80%
宁夏 青铜峡市
67%
陕西 韩城市
59%
陕西 潼关县
54%
陕西 府谷县
50%
河南 台前县
50%
山东 利津县
50%
山西 保德县
48%
山西 芮城县
46%
河南 兰考县
46%
山西 河曲县
43%
陕西 吴堡县
43%
内蒙古 磴口县
41%
内蒙古 托克托县
41%
陕西 佳县
41%
山西 平陆县
41%
青海 玛多县
39%
甘肃 玛曲县
39%
宁夏 中宁县
39%
山东 平阴县
39%
内蒙古 乌拉特前旗
37%
山东 东明县
37%
青海 循化撒拉族自治县
35%
甘肃 永靖县
35%
宁夏 永宁县
35%
青海 贵德县
33%
甘肃 靖远县
33%
青海 尖扎县
30%
青海 达日县
26%
No matching quizzes found
Score Distribution
Percent of People with Each Score
Percentile by Number Answered
Your Score History
You have not taken this quiz